Сердца в Атлантиде: роман; пер. с англ.

Dades bibliogràfiques
Autor principal: Кинг С. Стивен
Sumari:Это — Стивен Кинг, которого вы еще не знали. Это — проза, не бьющая на внешний эффект, временами — почти сказовая, временами — почти постмодернистская. Это — жестокий психологизм и "городская сага", "гиперреализм" и "магический реализм" — одновременно. Это — история времени и пространства, пропущенная сквозь призму восприятия маленького американского городка. Это — МЫ. НАШ век, НАША жизнь. Без прикрас — и без лакировки. Ибо только в калейдоскопе мелочей, по Кингу, способна сложиться многоцветная картина эпохи...
Idioma:rus
Publicat: Москва, АСТ, 2006
Matèries:
Format: MixedMaterials Llibre
KOHA link:https://koha.lib.tpu.ru/cgi-bin/koha/opac-detail.pl?biblionumber=343109

MARC

LEADER 00000nam0a2200000 4500
001 343109
005 20231102005525.0
010 |a 5170095619 
010 |a 5-9713-0408-9 
035 |a (RuTPU)RU\TPU\book\372869 
035 |a RU\TPU\book\372016 
090 |a 343109 
100 |a 20190328d2006 m y0rusy50 ca 
101 1 |a rus  |c eng 
102 |a RU 
105 |a y z 000ay 
200 1 |a Сердца в Атлантиде  |e роман  |e пер. с англ.  |f С. Кинг 
210 |a Москва  |c АСТ  |c АСТ Москва  |d 2006 
215 |a 477 с. 
330 |a Это — Стивен Кинг, которого вы еще не знали. Это — проза, не бьющая на внешний эффект, временами — почти сказовая, временами — почти постмодернистская. Это — жестокий психологизм и "городская сага", "гиперреализм" и "магический реализм" — одновременно. Это — история времени и пространства, пропущенная сквозь призму восприятия маленького американского городка. Это — МЫ. НАШ век, НАША жизнь. Без прикрас — и без лакировки. Ибо только в калейдоскопе мелочей, по Кингу, способна сложиться многоцветная картина эпохи... 
606 1 |a Американская литература (англо-язычная литература)  |2 stltpush  |3 (RuTPU)RU\TPU\subj\28887  |9 52349 
610 1 |a фантастика 
610 1 |a мистика 
610 1 |a романы 
675 |a 82  |v 4 
700 1 |a Кинг  |b С.  |g Стивен 
801 1 |a RU  |b 63413507  |c 20190621 
801 2 |a RU  |b 63413507  |c 20190628  |g RCR 
942 |c BK